| 000 | 00589nam a22001817a 4500 | ||
|---|---|---|---|
| 003 | OSt | ||
| 005 | 20160511095138.0 | ||
| 008 | 130214t xxu||||| |||| 00| 0 eng d | ||
| 020 | _a9711604574 | ||
| 050 |
_aKPM 1100 _b.In61 2001 |
||
| 082 |
_aFil 346.5990 _bIn8 2001 |
||
| 100 | _aGay, Beverly George. | ||
| 245 |
_aClinical medical-surgical nursing : _ba decision-making reference / _cBeverly George-Gay, Cynthia C. Chernecky. |
||
| 260 |
_aPhiladelphia : _bW.B. Saunders Company, _c2002. |
||
| 300 |
_axxiv, 996 pages : _c21 cm. _billustrations ; |
||
| 942 |
_2lcc _cBK |
||
| 999 |
_c35881 _d35881 |
||